000 00562nmm a2200169Ia 4500
008 251105s9999||||xx |||||||||||||||||und||
020 _a9788484896937
041 _aspa
100 _aMoreno Fernández, Francisco
245 0 _aSociolingüística cognitiva :
_b Proposiciones, escolios y debates
264 _a[Madrid, España] :
_bIberoamericana Vervuert,
_c2012
300 _a304 páginas
490 _aLengua y sociedad en el mundo hispánico
650 _aPhilosophy of language
856 _uhttps://public.digitaliapublishing.com/a/21017
942 _cCF
999 _c86748
_d86748